[Event "26th EUR-ch"]
[Site "Katowice POL"]
[Date "2026.04.07"]
[Round "1.135"]
[White "Nikolaidis, Konstantinos"]
[Black "Isik, Alparslan"]
[Result "0-1"]
[WhiteElo "2097"]
[BlackElo "2435"]
[EventDate "2026.04.07"]
[PlyCount "58"]

1.d4 Nf6 2.c4 e6 3.Nc3 d5 4.cxd5 exd5 5.Bg5 Bb4 6.e3 h6 7.Bh4 g5 8.Bg3 h5 
9.Qb3 Bxc3+ 10.Qxc3 Nc6 11.f3 h4 12.Bf2 Qe7 13.a3 Bd7 14.Bd3 g4 15.O-O-O 
O-O-O 16.Ne2 h3 17.gxh3 Rxh3 18.Ng1 Rh6 19.Qd2 gxf3 20.Nxf3 Ne4 21.Bxe4 
Qxe4 22.Ng5 Qf5 23.h4 Nxd4 24.e4 Nb3+ 25.Kc2 Rc6+ 26.Kxb3 dxe4 27.Qe2 Be6+
28.Nxe6 Qxe6+ 29.Kb4 Rd3 0-1

[Event "26th EUR-ch"]
[Site "Katowice POL"]
[Date "2026.04.07"]
[Round "1.136"]
[White "Jakubowski, Krzysztof"]
[Black "Triger, Eitan"]
[Result "1/2-1/2"]
[WhiteElo "2434"]
[BlackElo "2095"]
[EventDate "2026.04.07"]
[PlyCount "83"]

1.Nf3 d5 2.g3 Nf6 3.Bg2 g6 4.b3 Bg7 5.Bb2 O-O 6.c4 c6 7.O-O Bf5 8.d3 Re8 
9.Nbd2 Nbd7 10.Nd4 Bg4 11.h3 e5 12.Nxc6 bxc6 13.hxg4 Nf8 14.e3 Qd7 15.g5 
Nh5 16.g4 e4 17.Bxg7 Nxg7 18.dxe4 d4 19.exd4 Qxd4 20.Nf3 Qxe4 21.Nd4 Qe5 
22.Nxc6 Qxg5 23.f4 Qh4 24.Ne5 Rad8 25.Qe1 Qf6 26.Qf2 Nfe6 27.Rae1 h5 28.g5
Qf5 29.Bd5 Nxg5 30.fxg5 Qxg5+ 31.Kh1 Rxe5 32.Rxe5 Qxe5 33.Qxf7+ Kh7 34.Qf6
Rxd5 35.cxd5 Qxd5+ 36.Qf3 Qd4 37.Qf2 Qe4+ 38.Qg2 Qh4+ 39.Qh2 Qe4+ 40.Qg2 
Qh4+ 41.Qh2 Qe4+ 42.Qg2 1/2-1/2

[Event "26th EUR-ch"]
[Site "Katowice POL"]
[Date "2026.04.07"]
[Round "1.137"]
[White "Bubalovic, Davorin"]
[Black "Prokofiev, Valentyn"]
[Result "1/2-1/2"]
[WhiteElo "2087"]
[BlackElo "2433"]
[EventDate "2026.04.07"]
[PlyCount "187"]

1.e4 c5 2.Nf3 e6 3.d4 cxd4 4.Nxd4 a6 5.Bd3 g6 6.Be3 Bg7 7.Nc3 Ne7 8.O-O 
O-O 9.Qd2 d5 10.exd5 Nxd5 11.Nxd5 Qxd5 12.Nb3 Rd8 13.Rab1 Nd7 14.Be2 Qxd2 
15.Nxd2 Nf6 16.Rfd1 Nd5 17.Nc4 Bd7 18.Nb6 Rab8 19.Nxd5 exd5 20.Rxd5 Bf5 
21.Rxd8+ Rxd8 22.Bd3 Bxd3 23.cxd3 Rxd3 24.Kf1 Be5 25.h3 Rd6 26.b3 f5 27.g3
h5 28.Rc1 h4 29.Rc8+ Kf7 30.Rc7+ Ke6 31.Rxb7 hxg3 32.fxg3 Bxg3 33.Rb6 Kd5 
34.Kg2 Rxb6 35.Bxb6 Bd6 36.Kf3 Bc5 37.Ba5 Kd4 38.b4 Bd6 39.a4 Kc4 40.b5 
axb5 41.axb5 Kxb5 42.Bd2 Kc4 43.Ba5 Kd3 44.Be1 Bc5 45.Ba5 Be3 46.Bb4 Bg5 
47.Ba5 Kd4 48.Be1 Ke5 49.Bc3+ Ke6 50.Bd4 Kf7 51.Bc3 Kg8 52.Kg2 Kh7 53.Bb4 
Kh6 54.Ba5 Kh5 55.Bb4 Bf4 56.Ba5 Bc1 57.Bd8 Bd2 58.Be7 Kh6 59.Bd8 Kg7 60.
Kf3 Kf7 61.Kg2 Ke6 62.Kf3 Kd5 63.Bb6 Kc4 64.Ke2 Bc3 65.Kf3 Kd3 66.Bc5 Kd2 
67.Be3+ Ke1 68.Bc5 Kf1 69.Bb6 Bd2 70.Bc5 Be1 71.Bb6 Bh4 72.Bc5 g5 73.Bb6 
Ke1 74.Bc5 Kd2 75.Bb6 Kd3 76.Bc5 Kc4 77.Bb6 Kd5 78.Ba7 Ke6 79.Bb6 Kf6 80.
Ba5 Kg6 81.Bb4 Kh5 82.Ba5 f4 83.Bb6 Be1 84.Bc7 Bd2 85.Bd8 Kh4 86.Be7 Bc3 
87.Bd8 Bg7 88.Be7 Bh6 89.Kg2 Bg7 90.Bd8 Bf8 91.Bf6 Bh6 92.Bd8 f3+ 93.Kxf3 
Kxh3 94.Bxg5 1/2-1/2

[Event "26th EUR-ch"]
[Site "Katowice POL"]
[Date "2026.04.07"]
[Round "1.138"]
[White "Sanikidze, Tornike"]
[Black "Ghazarian, Raffi"]
[Result "1-0"]
[WhiteElo "2432"]
[BlackElo "2079"]
[EventDate "2026.04.07"]
[PlyCount "75"]

1.Nf3 d5 2.g3 Nf6 3.Bg2 e6 4.O-O Be7 5.c4 O-O 6.b3 d4 7.e3 c5 8.Ne5 Qc7 9.
f4 Nbd7 10.Nd3 e5 11.Bb2 Rd8 12.Na3 a6 13.Nc2 Rb8 14.fxe5 Nxe5 15.Nxe5 
Qxe5 16.exd4 cxd4 17.b4 Bf5 18.d3 Bg6 19.Rf4 Qg5 20.Qf3 Nh5 21.Rxd4 Bf6 
22.Rxd8+ Rxd8 23.Bxf6 Nxf6 24.Ne1 Qe5 25.Rb1 Qc3 26.Bf1 Re8 27.Ng2 Bh5 28.
Qf2 Bg6 29.Qb2 Qxb2 30.Rxb2 Ng4 31.d4 Be4 32.Be2 Nh6 33.Ne3 f5 34.Kf2 g5 
35.Bf3 f4 36.gxf4 gxf4 37.Nd5 Kg7 38.Re2 1-0

[Event "26th EUR-ch"]
[Site "Katowice POL"]
[Date "2026.04.07"]
[Round "1.139"]
[White "Szente Varga, Fruzsina"]
[Black "Manafov, Vugar"]
[Result "0-1"]
[WhiteElo "2078"]
[BlackElo "2432"]
[EventDate "2026.04.07"]
[PlyCount "82"]

1.e4 Nf6 2.e5 Nd5 3.d4 Nb6 4.c4 d6 5.f4 dxe5 6.fxe5 Bf5 7.Nf3 e6 8.Nc3 Be7
9.Be3 O-O 10.Be2 f6 11.O-O Nc6 12.exf6 Bxf6 13.Qd2 Qe8 14.a4 Na5 15.Ne4 
Nb3 16.Nxf6+ Rxf6 17.Qb4 Nxa1 18.Rxa1 a5 19.Qa3 Bg4 20.b3 Nd7 21.h3 Bh5 
22.Qb2 Qf8 23.Ng5 Bxe2 24.Qxe2 h6 25.Ne4 Rf5 26.Rd1 Re8 27.Rd3 Qe7 28.Bd2 
b6 29.Rg3 Kh8 30.Bc3 Nf6 31.Nd2 Nh5 32.Rg4 Nf4 33.Qe3 Ref8 34.Ne4 Nd5 35.
cxd5 exd5 36.Be1 dxe4 37.Rxe4 Qg5 38.Qc3 Rf3 39.Qd2 Qxd2 40.Bxd2 Rxb3 41.
Bf4 Rf7 0-1

[Event "26th EUR-ch"]
[Site "Katowice POL"]
[Date "2026.04.07"]
[Round "1.140"]
[White "Tulchynskyi, Feliks"]
[Black "Matskevich, Varvara"]
[Result "1-0"]
[WhiteElo "2432"]
[BlackElo "2073"]
[EventDate "2026.04.07"]
[PlyCount "55"]

1.e4 c5 2.Nf3 Nc6 3.Bb5 e6 4.O-O Nge7 5.Re1 a6 6.Bf1 d5 7.exd5 Nxd5 8.d4 
Nf6 9.Be3 cxd4 10.Nxd4 Nxd4 11.Bxd4 Bd7 12.Nd2 Be7 13.Nc4 O-O 14.Nb6 e5 
15.Rxe5 Rb8 16.Rxe7 Bg4 17.Re2 Bxe2 18.Bxe2 Re8 19.Bf3 Nd7 20.Nc4 Qc7 21.
Bd5 Nf8 22.Ba7 Ra8 23.Bb6 Qe7 24.Nd6 Reb8 25.Nxf7 Ne6 26.Nd8 Rxd8 27.Bxd8 
Rxd8 28.Bxe6+ 1-0

[Event "26th EUR-ch"]
[Site "Katowice POL"]
[Date "2026.04.07"]
[Round "1.141"]
[White "Gikas, Andreas Basilius"]
[Black "Davtian, Arsen"]
[Result "0-1"]
[WhiteElo "2072"]
[BlackElo "2430"]
[EventDate "2026.04.07"]
[PlyCount "82"]

1.e4 c6 2.d4 d5 3.e5 Bf5 4.h4 h5 5.c4 e6 6.Nc3 dxc4 7.Bxc4 Nd7 8.Bg5 Be7 
9.Bxe7 Nxe7 10.Nge2 Ng6 11.g3 Qb6 12.Bd3 Ne7 13.Ne4 Bxe4 14.Bxe4 Rd8 15.
Qc2 c5 16.dxc5 Qb4+ 17.Nc3 Nxe5 18.O-O O-O 19.Qe2 Qxc5 20.Qxh5 f5 21.Bxb7 
Rd3 22.Kh1 Ng4 23.Rae1 Qc7 24.Be4 Nf6 25.Qe2 fxe4 26.Nxe4 Nxe4 27.Qxe4 Rd6
28.Kg1 Nf5 29.Rd1 Rb6 30.Rd2 Qf7 31.Rfd1 Qf6 32.b3 Ne7 33.Qd4 Qf5 34.Re1 
Nd5 35.Rde2 Rf7 36.Re5 Qf6 37.R5e4 Qg6 38.Rg4 Qf5 39.Rg5 Qf3 40.Rge5 Rf6 
41.R5e4 Rb4 0-1

[Event "26th EUR-ch"]
[Site "Katowice POL"]
[Date "2026.04.07"]
[Round "1.142"]
[White "Akhvlediani, Irakli"]
[Black "Zhuk, Ivan"]
[Result "1/2-1/2"]
[WhiteElo "2429"]
[BlackElo "2068"]
[EventDate "2026.04.07"]
[PlyCount "74"]

1.Nf3 Nf6 2.c4 g6 3.Nc3 Bg7 4.e4 e5 5.Be2 O-O 6.O-O d6 7.d4 exd4 8.Nxd4 
Nc6 9.Nxc6 bxc6 10.Bg5 Qe8 11.Qc2 Rb8 12.Rfe1 Nd7 13.Rad1 Nc5 14.Bf1 a5 
15.Be3 Ne6 16.b3 c5 17.Nb5 Bd7 18.Qd2 Bxb5 19.cxb5 Nd4 20.Qxa5 Nxb5 21.
Bxb5 Qxb5 22.Qxc7 Be5 23.Qe7 Rfe8 24.Qh4 Ra8 25.Bf4 Bd4 26.Bxd6 Rxa2 27.
Bg3 Qxb3 28.e5 Re2 29.Qg4 Rxe1+ 30.Rxe1 Qc3 31.Qe4 Re6 32.Bf4 Kg7 33.h4 h5
34.Re2 c4 35.g3 Qd3 36.Qxd3 cxd3 37.Rd2 Bxe5 1/2-1/2

[Event "26th EUR-ch"]
[Site "Katowice POL"]
[Date "2026.04.07"]
[Round "1.143"]
[White "Sprzeczka, Emilia"]
[Black "Kalogeris, Ioannis"]
[Result "0-1"]
[WhiteElo "2066"]
[BlackElo "2427"]
[EventDate "2026.04.07"]
[PlyCount "56"]

1.d4 Nf6 2.c4 e6 3.Nc3 Bb4 4.e3 O-O 5.a3 Bxc3+ 6.bxc3 d6 7.Bd3 e5 8.f3 e4 
9.fxe4 Nxe4 10.Nf3 f5 11.Qc2 Nd7 12.Bxe4 fxe4 13.Qxe4 Nf6 14.Qh4 Bf5 15.
O-O Qe8 16.Ng5 Bd3 17.Re1 h6 18.Nf3 Ne4 19.c5 Qg6 20.Qh3 Rxf3 21.Qxf3 Rf8 
22.Qh3 Qf6 23.Qf3 Qh4 24.g3 Qg5 25.Qg2 Rf2 26.Qh3 Qf6 27.Bb2 Ng5 28.Qg4 
Bf5 0-1

[Event "26th EUR-ch"]
[Site "Katowice POL"]
[Date "2026.04.07"]
[Round "1.144"]
[White "Besou, Hussain"]
[Black "Odabasi, Ruzgar"]
[Result "1/2-1/2"]
[WhiteElo "2427"]
[BlackElo "2065"]
[EventDate "2026.04.07"]
[PlyCount "118"]

1.e4 c5 2.Nf3 e6 3.d4 cxd4 4.Nxd4 Nf6 5.Nc3 Nc6 6.Ndb5 Bb4 7.a3 Bxc3+ 8.
Nxc3 d5 9.exd5 exd5 10.Bd3 O-O 11.O-O Bg4 12.f3 Qb6+ 13.Rf2 Bh5 14.Bg5 Ne4
15.Nxe4 dxe4 16.Bxe4 Qxb2 17.Bd5 Rfe8 18.c4 Qc3 19.Bd2 Qd4 20.Bb4 Qf6 21.
Qc1 Nd4 22.Bc3 Qb6 23.Bxd4 Qxd4 24.Qb2 Qc5 25.g4 Bg6 26.Kg2 Rab8 27.Qb4 b6
28.Raa2 Rec8 29.Rfd2 h5 30.Qxc5 Rxc5 31.a4 a6 32.gxh5 Bxh5 33.Rab2 g5 34.
Rb3 Ra5 35.Rdb2 Rxa4 36.Rxb6 Rxb6 37.Rxb6 Ra2+ 38.Kg3 Kg7 39.Rb7 Rc2 40.
Rc7 Rc3 41.h3 Kf6 42.Rc6+ Ke5 43.Rxa6 Rc2 44.Ra5 Kf6 45.c5 Kg7 46.Be4 Rc3 
47.c6 Bg6 48.Bd5 f5 49.Kf2 f4 50.Ra7+ Kf6 51.Rd7 Be8 52.Rd8 Ke7 53.Rc8 Kd6
54.Rxe8 Kxd5 55.Rd8+ Ke6 56.Rc8 Kd6 57.Rg8 Rxc6 58.Rg6+ Kd5 59.Rxc6 Kxc6 
1/2-1/2

[Event "26th EUR-ch"]
[Site "Katowice POL"]
[Date "2026.04.07"]
[Round "1.145"]
[White "Bognar, Csaba"]
[Black "Johansson, Linus"]
[Result "0-1"]
[WhiteElo "2057"]
[BlackElo "2425"]
[EventDate "2026.04.07"]
[PlyCount "104"]

1.d4 Nf6 2.c4 e6 3.Nf3 d5 4.g3 dxc4 5.Qa4+ Nbd7 6.Bg2 a6 7.Qxc4 b5 8.Qc2 
Bb7 9.O-O c5 10.e3 Rc8 11.Qe2 c4 12.Bd2 Bd6 13.Rc1 O-O 14.a4 Be4 15.axb5 
axb5 16.Ba5 Qe7 17.Nc3 Bd3 18.Qd1 Rb8 19.Ne1 Bg6 20.Ne2 Rfc8 21.Bd2 Nb6 
22.Nf4 Bf5 23.f3 e5 24.Ne2 e4 25.f4 b4 26.Ra5 Nfd5 27.h3 h5 28.g4 hxg4 29.
Ng3 Bh7 30.Rca1 gxh3 31.Bxh3 Qh4 32.Kg2 Rd8 33.Kh2 c3 34.Ng2 Qh6 35.bxc3 
bxc3 36.Be1 Bb4 37.Rb5 Qc6 38.Qe2 Qc4 39.Rc1 Qd3 40.f5 Bd6 41.Qxd3 exd3 
42.Bxc3 Nc4 43.Rxb8 Rxb8 44.e4 d2 45.Bxd2 Nxd2 46.exd5 Ne4 47.Ne3 Nxg3 48.
Kg2 Bf4 49.Rc3 Bxe3 50.Kxg3 Bxd4 51.Rd3 Be5+ 52.Kf3 f6 0-1

[Event "26th EUR-ch"]
[Site "Katowice POL"]
[Date "2026.04.07"]
[Round "1.146"]
[White "Makkar, Rajat"]
[Black "Hertlein, Irena"]
[Result "1-0"]
[WhiteElo "2422"]
[BlackElo "2057"]
[EventDate "2026.04.07"]
[PlyCount "81"]

1.e4 c5 2.Nf3 g6 3.Bc4 Bg7 4.c3 e6 5.d4 cxd4 6.Bb3 dxc3 7.Nxc3 a6 8.Bf4 
Ne7 9.Bd6 Nbc6 10.h4 Qa5 11.h5 f5 12.Nd2 b5 13.a4 Qb6 14.axb5 Na5 15.Rxa5 
Qxd6 16.O-O Rb8 17.Nc4 Qxd1 18.Rxd1 Bxc3 19.bxc3 d5 20.Nd6+ Kd7 21.Nxc8 
Kxc8 22.exd5 exd5 23.Bxd5 Nxd5 24.Rxd5 axb5 25.h6 b4 26.Rac5+ Kb7 27.cxb4 
Rbd8 28.Rb5+ Ka6 29.g3 Rhe8 30.Kg2 Rxd5 31.Rxd5 Re7 32.Kf3 Rb7 33.b5+ Rxb5
34.Rxb5 Kxb5 35.Kf4 Kc6 36.Ke5 Kd7 37.Kf6 Ke8 38.Kg7 g5 39.Kxh7 Kf7 40.f3 
g4 41.f4 1-0

[Event "26th EUR-ch"]
[Site "Katowice POL"]
[Date "2026.04.07"]
[Round "1.147"]
[White "Korniichuk, Oleksandra"]
[Black "Sowinski, Pawel"]
[Result "0-1"]
[WhiteElo "2055"]
[BlackElo "2421"]
[EventDate "2026.04.07"]
[PlyCount "156"]

1.e4 c6 2.d4 d5 3.Nc3 dxe4 4.Nxe4 Nf6 5.Nxf6+ exf6 6.Be3 Na6 7.a3 Bd6 8.
Bd3 O-O 9.Ne2 Bf5 10.Bxf5 Qa5+ 11.Qd2 Qxf5 12.O-O-O Rfe8 13.Qd3 Qd5 14.g3 
Nc7 15.Nc3 Qf3 16.d5 c5 17.Rhe1 Re5 18.Qe2 Qxe2 19.Rxe2 Rd8 20.Red2 g5 21.
a4 b6 22.Nb1 a6 23.c4 a5 24.Na3 Kg7 25.Nc2 Kg6 26.b3 Rde8 27.Re1 h6 28.Kd1
f5 29.Rde2 f4 30.gxf4 gxf4 31.Bd2 Rxe2 32.Rxe2 Rg8 33.f3 Kf5 34.Ne1 Rg1 
35.Rg2 Rh1 36.Rg7 Kf6 37.Bc3+ Ke7 38.Rg2 Ne8 39.Kc2 Rf1 40.Kd3 Bc7 41.Rg4 
Nf6 42.Rh4 Rf2 43.Rxh6 Nd7 44.Rh5 Bd6 45.Rg5 Rxh2 46.Rg2 Rh1 47.Re2+ Kd8 
48.Bb2 Kc7 49.Ke4 Rh5 50.Nc2 Kd8 51.Na3 f5+ 52.Kd3 Rh3 53.Nb5 Rxf3+ 54.Kc2
Bf8 55.Be5 Nxe5 56.Rxe5 Rf1 57.Rxf5 Bg7 58.Nd6 f3 59.Ne4 Bh6 60.Ng3 Rf2+ 
61.Kd1 Rd2+ 62.Ke1 Rd3 63.Kf2 Rxb3 64.Rxf3 Rb2+ 65.Ne2 Rb4 66.Rf6 Bd2 67.
Ng3 Rxc4 68.Rxb6 Rxa4 69.Rc6 Rf4+ 70.Ke2 Bb4 71.Nf1 a4 72.Ne3 a3 73.Kd3 
Rd4+ 74.Kc2 Rd2+ 75.Kc1 a2 76.Ra6 Rd3 77.Nc2 Ba3+ 78.Rxa3 Rxa3 0-1

[Event "26th EUR-ch"]
[Site "Katowice POL"]
[Date "2026.04.07"]
[Round "1.148"]
[White "Tadic, Stefan"]
[Black "Kulich, Daniel"]
[Result "1-0"]
[WhiteElo "2421"]
[BlackElo "2045"]
[EventDate "2026.04.07"]
[PlyCount "71"]

1.e4 e6 2.Qe2 c5 3.g3 Nc6 4.Nf3 g6 5.h4 h5 6.Bg2 Bg7 7.O-O Nge7 8.d3 O-O 
9.c3 d5 10.e5 Nf5 11.Na3 a6 12.Nc2 Qc7 13.Bf4 b5 14.Ne3 Nxe3 15.Qxe3 Ne7 
16.d4 Nf5 17.Qd2 c4 18.Bh3 Qb6 19.g4 hxg4 20.Bxg4 Qd8 21.Bxf5 exf5 22.h5 
Re8 23.Kh1 Rb8 24.Rg1 Rb6 25.Rg3 Ree6 26.Rag1 Rec6 27.Bg5 Qe8 28.Qf4 Bd7 
29.hxg6 fxg6 30.Bf6 Rxf6 31.exf6 Rxf6 32.Ne5 Be6 33.Nxg6 Rf7 34.Ne5 Ra7 
35.Qh6 Qe7 36.Rxg7+ 1-0

[Event "26th EUR-ch"]
[Site "Katowice POL"]
[Date "2026.04.07"]
[Round "1.149"]
[White "Omarsson, Josef"]
[Black "Govciyan, Pavel"]
[Result "0-1"]
[WhiteElo "2045"]
[BlackElo "2420"]
[EventDate "2026.04.07"]
[PlyCount "86"]

1.d4 d5 2.c4 e6 3.Nc3 c6 4.e3 Nd7 5.Nf3 f5 6.Bd3 Nh6 7.Qc2 Bd6 8.cxd5 cxd5
9.Bd2 a6 10.a4 O-O 11.a5 Nf7 12.Na4 Qe7 13.Qc3 Rb8 14.b4 Nf6 15.Qb3 Bd7 
16.Nc5 Ne4 17.Bc1 Bc6 18.Ba3 Qf6 19.Bb2 g5 20.g3 g4 21.Nd2 Nfg5 22.Be2 
Rbc8 23.Rf1 Qh6 24.Ndxe4 Nxe4 25.Nxe4 fxe4 26.Bc3 Qg5 27.O-O-O Bb5 28.Bxb5
axb5 29.Kb2 Rc4 30.Rc1 Rfc8 31.Bd2 Qh6 32.Rxc4 Rxc4 33.Qd1 Qg7 34.Kb3 h5 
35.h3 Qe7 36.Qe1 Qc7 37.hxg4 Rc2 38.Bc3 Bxb4 39.Kxc2 Qc4 40.Rh1 Qa2+ 41.
Kd1 Qb1+ 42.Kd2 Qb2+ 43.Kd1 Bxc3 0-1

[Event "26th EUR-ch"]
[Site "Katowice POL"]
[Date "2026.04.07"]
[Round "1.150"]
[White "Piliposian, Robert"]
[Black "Stan, Andrei-Mihaita"]
[Result "1-0"]
[WhiteElo "2420"]
[BlackElo "2038"]
[EventDate "2026.04.07"]
[PlyCount "139"]

1.d4 e6 2.c4 Nf6 3.Nf3 Bb4+ 4.Bd2 Qe7 5.g3 Nc6 6.Nc3 Bxc3 7.Bxc3 Ne4 8.Rc1
O-O 9.Bg2 d6 10.d5 Nxc3 11.Rxc3 Nb8 12.O-O e5 13.e4 Bg4 14.Qc2 Bxf3 15.
Bxf3 Nd7 16.Bg4 b6 17.b4 a5 18.a3 Nf6 19.Bf3 axb4 20.axb4 Nd7 21.Bg4 Nf6 
22.Bh3 Rfb8 23.c5 bxc5 24.bxc5 dxc5 25.Rxc5 Ra7 26.Rc1 Ne8 27.Bf1 Rab7 28.
Qa4 g6 29.Qa5 Rb2 30.R1c2 Qf6 31.Kg2 Kg7 32.Qd2 R2b4 33.f3 h5 34.h4 Rb3 
35.Be2 R8b6 36.Qg5 Rb2 37.Qd2 R2b3 38.Ra2 Qd6 39.Rcc2 Rb1 40.Ra8 Qd7 41.
Qc3 f6 42.Qd2 Rb8 43.Ra5 R8b7 44.Ra8 Rb8 45.Rxb8 Rxb8 46.Qa5 Rb6 47.Qc5 
Rb7 48.Ba6 Rb6 49.Bc8 Qd6 50.Qxd6 Rxd6 51.Be6 Kf8 52.f4 Ke7 53.Rf2 exf4 
54.gxf4 Ng7 55.Bg8 Kf8 56.Bh7 Kf7 57.Rc2 Rd7 58.Kf3 Re7 59.Rg2 g5 60.hxg5 
fxg5 61.Rxg5 Rd7 62.Bg6+ Kf8 63.Bxh5 c6 64.dxc6 Rd3+ 65.Kg4 Rc3 66.Rg6 Rc1
67.Kg5 Ne8 68.e5 Ke7 69.f5 Re1 70.Re6+ 1-0

[Event "26th EUR-ch"]
[Site "Katowice POL"]
[Date "2026.04.07"]
[Round "1.151"]
[White "Nguyen, Khoi"]
[Black "Risteski, Emil"]
[Result "1/2-1/2"]
[WhiteElo "2037"]
[BlackElo "2416"]
[EventDate "2026.04.07"]
[PlyCount "60"]

1.d4 Nf6 2.c4 g6 3.Nc3 Bg7 4.e4 d6 5.h3 e5 6.d5 a5 7.Be3 Na6 8.Nf3 O-O 9.
g4 Nc5 10.Nd2 c6 11.Qc2 Bd7 12.O-O-O a4 13.a3 Qa5 14.Kb1 Rfc8 15.f3 Ne8 
16.h4 Nc7 17.h5 cxd5 18.exd5 b5 19.Bxc5 dxc5 20.cxb5 Nxb5 21.Nxb5 Bxb5 22.
Bxb5 Qxb5 23.Nc4 Rd8 24.Rhe1 Rab8 25.Re4 Rb7 26.d6 Rbd7 27.hxg6 hxg6 28.
Rh1 Qb3 29.Qe2 Rxd6 30.Nxd6 Rxd6 1/2-1/2

[Event "26th EUR-ch"]
[Site "Katowice POL"]
[Date "2026.04.07"]
[Round "1.152"]
[White "Stefansson, Hannes Hlifar"]
[Black "Pozimski, Szymon"]
[Result "1-0"]
[WhiteElo "2414"]
[BlackElo "2025"]
[EventDate "2026.04.07"]
[PlyCount "65"]

1.e4 c5 2.Nf3 Nc6 3.Bb5 e5 4.Na3 Nge7 5.c3 a6 6.Be2 g6 7.Nc4 d6 8.d4 b5 9.
dxe5 bxc4 10.exd6 Ng8 11.Bf4 Be6 12.Ng5 Qd7 13.Nxe6 fxe6 14.Bxc4 Nf6 15.
Qe2 Bg7 16.g4 O-O 17.Bg3 Na5 18.e5 Nd5 19.Bxd5 exd5 20.O-O Qe6 21.f4 Nc6 
22.Rae1 d4 23.Qe4 Rac8 24.f5 gxf5 25.gxf5 Qxa2 26.e6 dxc3 27.bxc3 Bxc3 28.
Re2 Bd4+ 29.Kh1 Qc4 30.f6 Ne5 31.f7+ Nxf7 32.exf7+ Rxf7 33.Qg4+ 1-0

[Event "26th EUR-ch"]
[Site "Katowice POL"]
[Date "2026.04.07"]
[Round "1.153"]
[White "Zuqanov, Ali"]
[Black "Reuker, Jari"]
[Result "1/2-1/2"]
[WhiteElo "2015"]
[BlackElo "2413"]
[EventDate "2026.04.07"]
[PlyCount "114"]

1.e4 c5 2.Nf3 Nc6 3.Bb5 e6 4.O-O Nge7 5.Re1 a6 6.Bf1 Ng6 7.d4 cxd4 8.Nxd4 
Be7 9.c4 Qc7 10.Nc3 Nce5 11.Be3 Nxc4 12.Bxc4 Qxc4 13.Rc1 Qb4 14.Nf5 O-O 
15.Nxe7+ Qxe7 16.Na4 d6 17.Nb6 Rb8 18.Nc4 Bd7 19.Qxd6 Qxd6 20.Nxd6 Bc6 21.
Bb6 h5 22.Nc4 f5 23.exf5 Rxf5 24.Rxe6 Rg5 25.Ne3 Nf4 26.Bc7 Ne2+ 27.Kf1 
Nxc1 28.Bxb8 Nxa2 29.Re5 Bb5+ 30.Ke1 Rg6 31.Kd2 Rc6 32.Nd5 Kf7 33.Re7+ Kf8
34.Rxb7 Nc1 35.Rb6 Nb3+ 36.Ke3 Rc2 37.Nc3 Bc4 38.Rb4 Nd2 39.Be5 Be6 40.
Rf4+ Kg8 41.Kd3 Rxb2 42.Nd5 Rb3+ 43.Kxd2 Bxd5 44.g3 Rb5 45.Bc3 Bc6 46.Rc4 
Rd5+ 47.Ke3 Bb5 48.Rc7 Rd7 49.Rc5 Rd6 50.Bd4 g6 51.Rc7 Rd7 52.Rc5 Kf7 53.
h4 Rd6 54.Rc7+ Rd7 55.Rc5 Rd6 56.Rc7+ Rd7 57.Rc5 Rd6 1/2-1/2

[Event "26th EUR-ch"]
[Site "Katowice POL"]
[Date "2026.04.07"]
[Round "1.154"]
[White "Karsay, Pascal"]
[Black "Margaritis, Ioannis M."]
[Result "1/2-1/2"]
[WhiteElo "2412"]
[BlackElo "2012"]
[EventDate "2026.04.07"]
[PlyCount "79"]

1.e4 c5 2.Nf3 d6 3.d4 cxd4 4.Nxd4 Nf6 5.Nc3 a6 6.h3 e5 7.Nf3 Be6 8.Ng5 Qc7
9.Nxe6 fxe6 10.g3 Be7 11.Bg2 O-O 12.O-O Nbd7 13.a4 Nb6 14.h4 Kh8 15.Bh3 d5
16.a5 Nc4 17.exd5 exd5 18.Nxd5 Nxd5 19.Qxd5 Rad8 20.Qe4 Nd2 21.Bxd2 Rxd2 
22.Bg2 Qxc2 23.Qxc2 Rxc2 24.Bxb7 Rxb2 25.Bxa6 Bc5 26.Kh1 Ra8 27.Bc4 Bxf2 
28.a6 g6 29.a7 Rxa7 30.Rxa7 Bxa7 31.Rf8+ Kg7 32.Rf7+ Kh6 33.Rxa7 g5 34.
hxg5+ Kxg5 35.Ra2 Rxa2 36.Bxa2 h5 37.Be6 h4 38.g4 h3 39.Kh2 Kh4 40.g5 
1/2-1/2

[Event "26th EUR-ch"]
[Site "Katowice POL"]
[Date "2026.04.07"]
[Round "1.155"]
[White "Lasok, Marek"]
[Black "Narva, Mai"]
[Result "0-1"]
[WhiteElo "2009"]
[BlackElo "2411"]
[EventDate "2026.04.07"]
[PlyCount "120"]

1.c4 Nf6 2.Nc3 g6 3.e4 d6 4.d4 Bg7 5.Be2 O-O 6.h4 c5 7.d5 b5 8.cxb5 a6 9.
bxa6 h5 10.Nf3 Bxa6 11.O-O Ng4 12.Bg5 Nd7 13.Nd2 Nge5 14.Bxa6 Rxa6 15.Qe2 
Rb6 16.b3 Re8 17.Rac1 Qa8 18.a4 Rb4 19.Nb5 Qa5 20.Rc2 Nb6 21.Be3 Bf6 22.
Nc7 Rc8 23.Na6 Nxd5 24.Nxb4 Nxb4 25.Nc4 Qa8 26.Rd2 Qxe4 27.Nxe5 Bxe5 28.
Bg5 Qxe2 29.Rxe2 Nc6 30.Ra2 Bc3 31.Rc2 Ba5 32.Bd2 Nd4 33.Rb2 Bxd2 34.Rxd2 
Nxb3 35.Ra2 Ra8 36.Rd1 Ra6 37.Kf1 e6 38.Ke2 c4 39.Rg1 d5 40.Kd1 d4 41.Kc2 
f5 42.Re1 Kf7 43.a5 Rxa5 44.Rxa5 Nxa5 45.Ra1 Nc6 46.Ra4 Ne5 47.f4 Ng4 48.
Ra7+ Kf6 49.g3 Ne3+ 50.Kd2 Nf1+ 51.Ke1 Nxg3 52.Rc7 c3 53.Rc4 e5 54.Rc6+ 
Ke7 55.fxe5 Ne4 56.Ke2 f4 57.Rc4 f3+ 58.Kd1 f2 59.Ke2 f1=Q+ 60.Kxf1 Nd2+ 
0-1

[Event "26th EUR-ch"]
[Site "Katowice POL"]
[Date "2026.04.07"]
[Round "1.156"]
[White "Fus, Jakub"]
[Black "Golsta, Madara"]
[Result "1-0"]
[WhiteElo "2410"]
[BlackElo "2008"]
[EventDate "2026.04.07"]
[PlyCount "77"]

1.e4 c5 2.Nf3 g6 3.d4 cxd4 4.Nxd4 Bg7 5.c4 Nc6 6.Be3 Qb6 7.Nb5 Qa5+ 8.N5c3
d6 9.Be2 Nf6 10.Nd2 O-O 11.O-O Qd8 12.Rc1 a5 13.Na4 Nd7 14.b3 b6 15.a3 Nc5
16.Nc3 Bd7 17.Re1 Rc8 18.h3 f5 19.exf5 Bxf5 20.Nf3 a4 21.bxa4 Na5 22.Nd5 
Nab3 23.Bg5 Rf7 24.Bf1 Bf8 25.Rc3 h6 26.Rxb3 Nxb3 27.Qxb3 hxg5 28.Nxg5 Rg7
29.Bd3 Qd7 30.Nxb6 Rb8 31.c5+ d5 32.Nxd7 Rxb3 33.Bxf5 gxf5 34.Ne6 Rxa3 35.
c6 Rc3 36.c7 Rc6 37.Ndxf8 Rf7 38.Nd7 Rh7 39.Rb1 1-0

[Event "26th EUR-ch"]
[Site "Katowice POL"]
[Date "2026.04.07"]
[Round "1.157"]
[White "Radzikowski, Dawid"]
[Black "Injac, Teodora"]
[Result "0-1"]
[WhiteElo "2007"]
[BlackElo "2410"]
[EventDate "2026.04.07"]
[PlyCount "66"]

1.e4 c5 2.Nc3 Nc6 3.d3 g6 4.Be3 d6 5.Qd2 Bg7 6.g3 Rb8 7.Bg2 b5 8.Nd1 b4 9.
f4 Bb7 10.c3 Nf6 11.h3 O-O 12.Ne2 a5 13.O-O a4 14.a3 Na5 15.Nc1 bxc3 16.
Nxc3 Bc6 17.e5 dxe5 18.Bxc6 Nxc6 19.Nxa4 exf4 20.gxf4 Nd4 21.Ne2 Nb3 22.
Qc2 Nd5 23.Bf2 Qd7 24.Nxc5 Nxa1 25.Rxa1 Qxh3 26.d4 Qg4+ 27.Kf1 Nxf4 28.
Nxf4 Qxf4 29.Rd1 Rfd8 30.Qd2 Qf3 31.Kg1 Rxb2 32.Qxb2 Qxd1+ 33.Kg2 Bxd4 0-1

[Event "26th EUR-ch"]
[Site "Katowice POL"]
[Date "2026.04.07"]
[Round "1.158"]
[White "Valiyev, Shahin"]
[Black "Zawisza, Alan"]
[Result "1-0"]
[WhiteElo "2409"]
[BlackElo "2007"]
[EventDate "2026.04.07"]
[PlyCount "129"]

1.e4 e5 2.Nf3 Nc6 3.Bc4 Nf6 4.d3 Bc5 5.Nc3 d6 6.Na4 Bb6 7.a3 Be6 8.Bxe6 
fxe6 9.c3 O-O 10.O-O Ne7 11.Nxb6 axb6 12.b4 Ng6 13.Re1 h6 14.Ra2 Qe8 15.h3
Nf4 16.Bxf4 exf4 17.e5 Nd5 18.Qa1 Qg6 19.c4 Ne7 20.exd6 cxd6 21.Qd4 e5 22.
Qxb6 Qxd3 23.Rd2 Qxc4 24.Qxd6 Nc6 25.Nxe5 Nxe5 26.Qxe5 f3 27.Rd7 Rf7 28.
Rxf7 Qxf7 29.Re3 fxg2 30.Kxg2 Ra6 31.Qe8+ Qxe8 32.Rxe8+ Kf7 33.Re3 g5 34.
Kf3 Kg6 35.Ke2 Kf5 36.Kd2 h5 37.Ke2 h4 38.Kf3 Rf6 39.Re7 Rc6 40.Rf7+ Kg6 
41.Rxb7 Rc3+ 42.Kg2 Rxa3 43.Rb8 Rb3 44.b5 Kg7 45.b6 Kh7 46.b7 Kg7 47.Kf1 
Rb2 48.f3 Kh7 49.Ke1 Kg7 50.Kd1 Kh7 51.Kc1 Rb3 52.Kc2 Rb5 53.Kc3 Kg7 54.
Kc4 Rb1 55.Kc3 Rb5 56.Kd3 Rb4 57.Kc2 Rb6 58.Kc3 Rb5 59.Kc4 Rb1 60.Kc5 Rc1+
61.Kd6 Rb1 62.Ke6 Kh7 63.Kf5 Rb5+ 64.Kf6 g4 65.fxg4 1-0

[Event "26th EUR-ch"]
[Site "Katowice POL"]
[Date "2026.04.07"]
[Round "1.159"]
[White "Pasa, Ahmet"]
[Black "Vardanyan, Aras"]
[Result "0-1"]
[WhiteElo "2004"]
[BlackElo "2408"]
[EventDate "2026.04.07"]
[PlyCount "82"]

1.d4 Nf6 2.Nf3 e6 3.Bf4 b6 4.e3 Bb7 5.h3 c5 6.Nbd2 cxd4 7.exd4 Be7 8.Be2 
O-O 9.O-O d6 10.a4 a6 11.c3 Nbd7 12.Nc4 Qc7 13.Ne3 Rfe8 14.Re1 Bf8 15.Qb3 
Bc6 16.Nd2 Qb7 17.Bf3 b5 18.axb5 axb5 19.Bh2 Bxf3 20.Nxf3 d5 21.Nc2 Ne4 
22.Bf4 Qc6 23.Rxa8 Rxa8 24.Ra1 Rxa1+ 25.Nxa1 Qa6 26.Nc2 Nb6 27.Ng5 Nf6 28.
Nf3 Nc4 29.Nd2 Nd7 30.Kh2 Bd6 31.Bxd6 Qxd6+ 32.Kg1 Nxd2 33.Qxb5 g6 34.Ne3 
Ne4 35.f3 Nef6 36.b4 Qc7 37.c4 Qf4 38.Kf2 Qxd4 39.c5 Qd2+ 40.Kf1 Qxe3 41.
c6 Ne5 0-1

[Event "26th EUR-ch"]
[Site "Katowice POL"]
[Date "2026.04.07"]
[Round "1.160"]
[White "Piesik, Piotr"]
[Black "Ilgililer, Bertug"]
[Result "1-0"]
[WhiteElo "2407"]
[BlackElo "1996"]
[EventDate "2026.04.07"]
[PlyCount "77"]

1.Nf3 d5 2.g3 g6 3.c4 dxc4 4.Bg2 Bg7 5.Qa4+ Nc6 6.Nc3 Bd7 7.Qxc4 e5 8.d3 
Nge7 9.Ne4 O-O 10.Bg5 Be6 11.Qc2 f6 12.Bd2 Nf5 13.e3 Bf7 14.Rc1 Nd6 15.Nc5
Rb8 16.O-O Re8 17.Rfd1 Qe7 18.b4 Nd8 19.Qb1 Ne6 20.d4 exd4 21.exd4 Nf5 22.
Re1 c6 23.b5 Rbd8 24.bxc6 bxc6 25.Nxe6 Bxe6 26.Rxc6 Qd7 27.Ra6 Bd5 28.
Rxe8+ Rxe8 29.Qd3 Qb7 30.Ra5 Kh8 31.a4 Be4 32.Qb5 Qa8 33.Rxa7 Qc8 34.Qd7 
Qxd7 35.Rxd7 Bc6 36.Ra7 g5 37.Bc3 Rc8 38.Ra5 h6 39.Rxf5 1-0